[Event "4NCL Division 2b"]
[Site "De Vere, Staverton Park ENG"]
[Date "2013.01.13"]
[Round "4.51"]
[White "Weller, Jean-Luc"]
[Black "Richardson, John R"]
[Result "0-1"]
[WhiteElo "2176"]
[BlackElo "2320"]
[PlyCount "90"]
[EventDate "2013.01.13"]
[WhiteTeam "White Rose 2"]
[BlackTeam "The AD's"]

1. d4 Nf6 2. c4 e6 3. Nc3 Bb4 4. f3 d5 5. a3 Bxc3+ 6. bxc3 c5 7. cxd5 Nxd5 8.
dxc5 Qa5 9. e4 Nf6 10. Be3 O-O 11. Qb3 Nfd7 12. a4 Qc7 13. Qa3 b6 14. cxb6 axb6
15. Bb5 Ba6 16. Rb1 Ne5 17. Qb3 Nbd7 18. Ne2 Bxb5 19. axb5 Nd3+ 20. Kf1 N7c5
21. Qc2 Rfd8 22. g3 Nxe4 23. Kg2 Qc4 24. Ra1 Nec5 25. Rhb1 Rxa1 26. Rxa1 Nb4
27. Qb2 Nd5 28. Bg1 h6 29. Ra3 Nc7 30. Qa2 Qxb5 31. c4 Qb4 32. Be3 e5 33. Nc3
Rd3 34. Bxc5 Qxc5 35. Ra8+ Kh7 36. Qc2 Qxc4 37. Rd8 e4 38. Rxd3 exd3 39. Qd2 b5
40. Ne4 Ne6 41. Qc3 f5 42. Qxc4 bxc4 43. Nc3 g5 44. Kf2 f4 45. Nd1 Nd4 0-1

[Event "4NCL Division 2b"]
[Site "De Vere, Staverton Park ENG"]
[Date "2013.01.13"]
[Round "4.52"]
[White "Snape, Ian L"]
[Black "Adams, David M"]
[Result "0-1"]
[WhiteElo "2263"]
[BlackElo "2216"]
[PlyCount "60"]
[EventDate "2013.01.13"]
[WhiteTeam "The AD's"]
[BlackTeam "White Rose 2"]

1. e4 d6 2. d4 Nf6 3. Nc3 Nbd7 4. Nf3 e5 5. g4 Nxg4 6. Rg1 Ngf6 7. Bc4 h6 8.
Be3 c6 9. dxe5 dxe5 10. Qd3 b5 11. Bb3 Qc7 12. a4 b4 13. Bxf7+ Kxf7 14. Qc4+
Ke7 15. Nh4 bxc3 16. Ng6+ Kd8 17. O-O-O cxb2+ 18. Kb1 Rg8 19. Qe6 Bd6 20. Rxd6
Re8 21. Nf8 Rxf8 22. Rxg7 Qa5 23. Rd1 Qxa4 24. Qe7+ Kc7 25. Qd6+ Kb7 26. Kxb2
Rb8 27. Ra1 Ka6+ 28. Qxb8 Qxa1+ 29. Kxa1 Nxb8 30. Rxa7+ Kb5 0-1

[Event "4NCL Division 2b"]
[Site "De Vere, Staverton Park ENG"]
[Date "2013.01.13"]
[Round "4.53"]
[White "Arnott, Jonathan W"]
[Black "Swindells, Jonathan E"]
[Result "1/2-1/2"]
[WhiteElo "2188"]
[BlackElo "2167"]
[PlyCount "28"]
[EventDate "2013.01.13"]
[WhiteTeam "White Rose 2"]
[BlackTeam "The AD's"]

1. e4 e5 2. Nf3 Nc6 3. d4 exd4 4. Nxd4 Nf6 5. Nc3 Bb4 6. Nxc6 bxc6 7. Bd3 d5 8.
exd5 cxd5 9. O-O O-O 10. Bg5 c6 11. Qf3 Be7 12. h3 h6 13. Bf4 Be6 14. Ne2 c5
1/2-1/2

[Event "4NCL Division 2b"]
[Site "De Vere, Staverton Park ENG"]
[Date "2013.01.13"]
[Round "4.54"]
[White "Anderton, David W"]
[Black "Shaw, Peter"]
[Result "1/2-1/2"]
[WhiteElo "2217"]
[BlackElo "2151"]
[PlyCount "35"]
[EventDate "2013.01.13"]
[WhiteTeam "The AD's"]
[BlackTeam "White Rose 2"]

1. d4 d6 2. Nf3 Bg4 3. c4 Nd7 4. Qb3 Qc8 5. h3 Bxf3 6. Qxf3 g6 7. Nc3 Bg7 8. e3
c5 9. Qd1 Ngf6 10. Be2 O-O 11. O-O a6 12. a4 Qc7 13. d5 e5 14. dxe6 fxe6 15. e4
Rad8 16. Be3 Ne5 17. Qd2 Nc6 18. Rad1 1/2-1/2

[Event "4NCL Division 2b"]
[Site "De Vere, Staverton Park ENG"]
[Date "2013.01.13"]
[Round "4.55"]
[White "Burnett, Jim"]
[Black "Bellin, Jana M"]
[Result "1/2-1/2"]
[WhiteElo "2172"]
[BlackElo "2128"]
[PlyCount "44"]
[EventDate "2013.01.13"]
[WhiteTeam "White Rose 2"]
[BlackTeam "The AD's"]

1. d4 Nf6 2. c4 c5 3. Nf3 cxd4 4. Nxd4 Nc6 5. Nc3 e6 6. g3 Bc5 7. Nb3 Be7 8.
Bg2 b6 9. O-O O-O 10. e4 Ba6 11. Nd2 Rc8 12. Qa4 Bb7 13. Re1 d6 14. Qd1 a6 15.
b3 Qc7 16. Bb2 Rfd8 17. Rc1 Qb8 18. Qe2 Ba8 19. Nf3 Ne5 20. Nd4 Nc6 21. Rcd1
Nxd4 22. Rxd4 Nd7 1/2-1/2

[Event "4NCL Division 2b"]
[Site "De Vere, Staverton Park ENG"]
[Date "2013.01.13"]
[Round "4.57"]
[White "Weller, Pierre"]
[Black "Pritchard, David J"]
[Result "1-0"]
[WhiteElo "2124"]
[BlackElo "1955"]
[PlyCount "59"]
[EventDate "2013.01.13"]
[WhiteTeam "White Rose 2"]
[BlackTeam "The AD's"]

1. d4 e6 2. c4 b6 3. e4 Bb7 4. Bd3 Na6 5. Ne2 Nb4 6. O-O Ne7 7. Nbc3 Nxd3 8.
Qxd3 d6 9. Bg5 h6 10. Bh4 g5 11. Bg3 f5 12. exf5 Nxf5 13. d5 Qf6 14. Nb5 Kd7
15. dxe6+ Qxe6 16. Nec3 a6 17. Rfe1 Qf7 18. Nd4 Nxg3 19. Qxg3 Qf4 20. Qh3+ g4
21. Qh5 Qxd4 22. Qf7+ Kc6 23. Rad1 Qg7 24. Qd5+ Kd7 25. Qe6+ Kc6 26. Qd5+ Kd7
27. Qxb7 Rc8 28. Nd5 Kd8 29. Nxb6 cxb6 30. Rxd6+ 1-0

[Event "4NCL Division 2b"]
[Site "De Vere, Staverton Park ENG"]
[Date "2013.01.13"]
[Round "4.58"]
[White "Bellin, Christopher J"]
[Black "Lewyk, Ihor"]
[Result "0-1"]
[WhiteElo "1928"]
[BlackElo "2067"]
[PlyCount "76"]
[EventDate "2013.01.13"]
[WhiteTeam "The AD's"]
[BlackTeam "White Rose 2"]

1. e4 d5 2. exd5 Nf6 3. d4 Nxd5 4. Nf3 Bg4 5. Be2 e6 6. O-O Be7 7. c4 Nb6 8.
Nc3 O-O 9. Be3 c6 10. b3 N8d7 11. Rc1 Bf5 12. Bd3 Bxd3 13. Qxd3 Nf6 14. Rfd1
Re8 15. h3 Ba3 16. Rc2 Bb4 17. Ne4 Nxe4 18. Qxe4 Nd7 19. Bf4 Nf6 20. Qd3 a5 21.
Be5 Nd7 22. c5 Nxe5 23. Nxe5 a4 24. bxa4 Ba5 25. Rb2 Ra7 26. Rdb1 Bc7 27. Nc4
e5 28. Rxb7 Rxb7 29. Rxb7 exd4 30. g3 Qc8 31. Qb1 d3 32. Rb3 Qe6 33. Qxd3 Qxh3
34. Qf1 Qg4 35. a5 h5 36. a6 h4 37. Ne3 Qg5 38. Rc3 hxg3 {White overstepped
the time limit} 0-1

[Event "4NCL Division 2b"]
[Site "De Vere, Staverton Park ENG"]
[Date "2013.01.13"]
[Round "4.61"]
[White "Rudd, Jack"]
[Black "Snuverink, Jochem"]
[Result "1-0"]
[WhiteElo "2300"]
[BlackElo "2346"]
[PlyCount "67"]
[EventDate "2013.01.13"]
[WhiteTeam "Bristol 1"]
[BlackTeam "Kings Head"]

1. d4 Nf6 2. c4 e6 3. Nc3 Bb4 4. f3 O-O 5. e4 Nh5 6. Be3 f5 7. e5 c5 8. dxc5 f4
9. Bd4 Qh4+ 10. Ke2 Nc6 11. Ne4 b6 12. Bf2 Ng3+ 13. hxg3 Qxh1 14. Nh3 Nxe5 15.
gxf4 Ng6 16. Bg3 Bxc5 17. Nxc5 bxc5 18. Qd6 Bb7 19. Qxd7 Rf7 20. Qxe6 Bc8 21.
Qc6 Rb8 22. Ng5 Re7+ 23. Kd2 Bb7 24. Qxc5 Rc8 25. Qd6 Qg1 26. Kc2 Rce8 27. Rd1
h6 28. c5 Re2+ 29. Bxe2 Rxe2+ 30. Kb1 Qxg2 31. Qxg6 Be4+ 32. Qxe4 Rxe4 33. Rd8+
Re8 34. Rxe8# 1-0

[Event "4NCL Division 2b"]
[Site "De Vere, Staverton Park ENG"]
[Date "2013.01.13"]
[Round "4.62"]
[White "Kwiatkowski, Feliks J"]
[Black "Beaumont, Chris R"]
[Result "1/2-1/2"]
[WhiteElo "2232"]
[BlackElo "2273"]
[PlyCount "40"]
[EventDate "2013.01.13"]
[WhiteTeam "Kings Head"]
[BlackTeam "Bristol 1"]

1. e4 c5 2. Nf3 g6 3. d4 Bg7 4. Nc3 cxd4 5. Nxd4 Nc6 6. Be3 Nf6 7. Bc4 d6 8. f3
Qb6 9. Nf5 Qxb2 10. Nxg7+ Kf8 11. Nd5 Nxd5 12. Bxd5 Kxg7 13. O-O Qc3 14. Re1
Bd7 15. Rb1 b6 16. Rb3 Qa5 17. Bd2 Qc5+ 18. Be3 Qa5 19. Bd2 Qc5+ 20. Be3 Qa5
1/2-1/2

[Event "4NCL Division 2b"]
[Site "De Vere, Staverton Park ENG"]
[Date "2013.01.13"]
[Round "4.63"]
[White "Collier, David O"]
[Black "McMichael, Richard J"]
[Result "1/2-1/2"]
[WhiteElo "2075"]
[BlackElo "2248"]
[PlyCount "48"]
[EventDate "2013.01.13"]
[WhiteTeam "Bristol 1"]
[BlackTeam "Kings Head"]

1. d4 e6 2. e4 d5 3. e5 Bd7 4. Nf3 a6 5. Bd3 Bb5 6. O-O Ne7 7. b3 Bxd3 8. Qxd3
Nf5 9. Rd1 Be7 10. c4 c6 11. Ba3 O-O 12. Bxe7 Qxe7 13. Nc3 Rd8 14. c5 Nd7 15.
b4 Nh4 16. Nxh4 Qxh4 17. Re1 h6 18. g3 Qg4 19. Kg2 Rf8 20. Ne2 Rae8 21. Nf4 Qg5
22. Re3 Re7 23. a4 Ra8 24. Rb1 Nf8 1/2-1/2

[Event "4NCL Division 2b"]
[Site "De Vere, Staverton Park ENG"]
[Date "2013.01.13"]
[Round "4.65"]
[White "Dilleigh, Stephen P"]
[Black "Wittmann, Jochen"]
[Result "1/2-1/2"]
[WhiteElo "2112"]
[BlackElo "2176"]
[PlyCount "48"]
[EventDate "2013.01.13"]
[WhiteTeam "Bristol 1"]
[BlackTeam "Kings Head"]

1. d4 f5 2. Nc3 d5 3. Bf4 a6 4. Nf3 Nf6 5. e3 e6 6. Bd3 c5 7. dxc5 Bxc5 8. O-O
O-O 9. Ne2 Qe7 10. c4 Nbd7 11. Ne5 Nxe5 12. Bxe5 Ng4 13. Bg3 dxc4 14. Bxc4 Kh8
15. h3 Nf6 16. Nc3 b5 17. Bb3 Bb7 18. Qe2 Qd7 19. Rfd1 Qc6 20. f3 Rac8 21. Rd2
Qb6 22. Bf2 Rfe8 23. Rad1 Bb4 24. Rc2 Qa5 1/2-1/2

[Event "4NCL Division 2b"]
[Site "De Vere, Staverton Park ENG"]
[Date "2013.01.13"]
[Round "4.66"]
[White "Haria, Ravi"]
[Black "Curtis, John E"]
[Result "1-0"]
[WhiteElo "2032"]
[BlackElo "2111"]
[PlyCount "61"]
[EventDate "2013.01.13"]
[WhiteTeam "Kings Head"]
[BlackTeam "Bristol 1"]

1. e4 d6 2. d4 Nf6 3. Nc3 e5 4. Nf3 Nbd7 5. g4 Nxg4 6. Rg1 Ngf6 7. Bc4 h6 8.
Be3 c6 9. dxe5 dxe5 10. Qd3 Qa5 11. Bxf7+ Kxf7 12. Qc4+ Nd5 13. exd5 Qb4 14.
Qd3 e4 15. Qxe4 Qxe4 16. Nxe4 cxd5 17. Nc3 Bb4 18. O-O-O Bxc3 19. bxc3 Re8 20.
Rxd5 Nf6 21. Rc5 Re7 22. Ne5+ Ke8 23. Ng6 Re4 24. Rc7 Nd7 25. Nf4 Re7 26. Nd5
Rf7 27. Rc4 Kf8 28. Nc7 Ne5 29. Rf4 Rb8 30. Rxf7+ Kxf7 31. Bxa7 1-0

[Event "4NCL Division 2b"]
[Site "De Vere, Staverton Park ENG"]
[Date "2013.01.13"]
[Round "4.67"]
[White "Bennett, Dominic L"]
[Black "Thomas, Rik H"]
[Result "0-1"]
[WhiteElo "2009"]
[BlackElo "2183"]
[PlyCount "74"]
[EventDate "2013.01.13"]
[WhiteTeam "Bristol 1"]
[BlackTeam "Kings Head"]

1. Nf3 d5 2. d4 Nf6 3. c4 dxc4 4. e3 e6 5. Bxc4 c5 6. O-O Nc6 7. Bb3 Be7 8. Nc3
O-O 9. h3 b6 10. d5 exd5 11. Nxd5 Nxd5 12. Bxd5 Qc7 13. Qe2 Bb7 14. e4 Rad8 15.
Bd2 Bf6 16. Bc3 Nd4 17. Nxd4 cxd4 18. Bb4 Rfe8 19. Rac1 Qd7 20. Bxb7 Qxb7 21.
f3 a5 22. Ba3 Bg5 23. Rcd1 Qc6 24. b3 h6 25. Qd3 Be3+ 26. Kh1 Rc8 27. Bb2 Red8
28. Rfe1 Qc7 29. Qf1 Qf4 30. Bc1 Bxc1 31. Rxc1 Rxc1 32. Rxc1 d3 33. Rd1 Qe3 34.
Qg1 Qe2 35. Qf1 Qc2 36. Ra1 d2 37. Qd1 Qb2 0-1

[Event "4NCL Division 2b"]
[Site "De Vere, Staverton Park ENG"]
[Date "2013.01.13"]
[Round "4.68"]
[White "Guthrie, David W"]
[Black "Slade, Theo"]
[Result "1-0"]
[WhiteElo "2170"]
[BlackElo "1775"]
[PlyCount "63"]
[EventDate "2013.01.13"]
[WhiteTeam "Kings Head"]
[BlackTeam "Bristol 1"]

1. d4 e6 2. c4 d5 3. Nf3 c5 4. cxd5 exd5 5. Nc3 Nc6 6. g3 Nf6 7. Bg2 Be7 8. O-O
O-O 9. Bg5 cxd4 10. Nxd4 Re8 11. e3 Bg4 12. Qa4 Nxd4 13. Qxd4 Be6 14. Rfd1 Rc8
15. Qxa7 b6 16. Bxf6 Bxf6 17. Nxd5 Bxd5 18. Bxd5 Qc7 19. Qxc7 Rxc7 20. Rd2 Rec8
21. Rad1 Rc2 22. Bb3 Rxd2 23. Rxd2 Rd8 24. Rc2 Kf8 25. Rc6 Rb8 26. Rc7 Be7 27.
Bd5 Rd8 28. e4 f5 29. f3 Bf6 30. b3 fxe4 31. fxe4 Re8 32. Rf7+ 1-0

[Event "4NCL Division 2b"]
[Site "De Vere, Staverton Park ENG"]
[Date "2013.01.13"]
[Round "4.71"]
[White "Berry, Neil"]
[Black "Jones, William EG"]
[Result "1-0"]
[WhiteElo "2255"]
[BlackElo "2094"]
[PlyCount "135"]
[EventDate "2013.01.13"]
[WhiteTeam "Barbican Youth"]
[BlackTeam "KJCA Kings"]

1. d4 Nf6 2. c4 g6 3. Nc3 Bg7 4. e4 d6 5. f3 O-O 6. Be3 c5 7. Nge2 Nc6 8. d5
Ne5 9. Ng3 e6 10. Be2 exd5 11. cxd5 h5 12. O-O a6 13. a4 Nh7 14. Qd2 h4 15. Nh1
f5 16. Nf2 Bd7 17. Kh1 Qf6 18. exf5 gxf5 19. Nh3 Ng6 20. Nf4 Nxf4 21. Bxf4 Rae8
22. Rfe1 Re7 23. Bf1 Rfe8 24. Rad1 Rxe1 25. Rxe1 Rxe1 26. Qxe1 Nf8 27. Bd2 Ng6
28. b3 Kf8 29. Bc4 Qd4 30. a5 h3 31. gxh3 Be5 32. Ne2 Qb2 33. Bc3 Bxc3 34. Qxc3
Qxc3 35. Nxc3 f4 36. Kg2 Nh4+ 37. Kf2 Bf5 38. Ne2 Ng6 39. h4 Nxh4 40. Nxf4 Bc2
41. Ke3 Bd1 42. Ne2 Bc2 43. Ng3 Bd1 44. f4 Bg4 45. Be2 Bd7 46. Ke4 Ke7 47. f5
Kf6 48. Bg4 Kg5 49. h3 Bb5 50. Ke3 Kf6 51. Kf4 Ng2+ 52. Ke4 Nh4 53. Nh5+ Kg5
54. Ng7 Kf6 55. Nh5+ Kg5 56. Nf4 Kf6 57. Ng6 Ng2 58. h4 c4 59. bxc4 Bxc4 60.
Kd4 Bb5 61. h5 Kg5 62. Bf3 Ne1 63. Be4 Kxh5 64. Ne7 Kg5 65. Nc8 Nd3 66. Bxd3
Bxd3 67. Kxd3 Kxf5 68. Kd4 1-0

[Event "4NCL Division 2b"]
[Site "De Vere, Staverton Park ENG"]
[Date "2013.01.13"]
[Round "4.72"]
[White "Foord, Dominic"]
[Black "O'Toole, George E"]
[Result "0-1"]
[WhiteElo "2099"]
[BlackElo "2204"]
[PlyCount "52"]
[EventDate "2013.01.13"]
[WhiteTeam "KJCA Kings"]
[BlackTeam "Barbican Youth"]

1. e4 e5 2. f4 exf4 3. Nf3 g5 4. d4 d6 5. Nc3 Bg7 6. g3 g4 7. Nh4 f3 8. Be3 Ne7
9. Qd2 h6 10. h3 c6 11. hxg4 Bxg4 12. Bd3 d5 13. O-O Nd7 14. Rae1 Nf6 15. Nxf3
dxe4 16. Nxe4 Nfd5 17. Bf4 O-O 18. Ne5 Nxf4 19. Qxf4 Qxd4+ 20. Kg2 Qxe5 21.
Qxg4 f5 22. Qh4 fxe4 23. Bxe4 Qg5 24. Qh3 Nd5 25. Kh1 Kh8 26. c4 Nf6 0-1

[Event "4NCL Division 2b"]
[Site "De Vere, Staverton Park ENG"]
[Date "2013.01.13"]
[Round "4.73"]
[White "Sands, David A"]
[Black "Sathyanandha, Saravanan"]
[Result "1/2-1/2"]
[WhiteElo "2235"]
[BlackElo "2073"]
[PlyCount "83"]
[EventDate "2013.01.13"]
[WhiteTeam "Barbican Youth"]
[BlackTeam "KJCA Kings"]

1. d4 Nf6 2. c4 e6 3. Nc3 Bb4 4. e3 b6 5. Nge2 Bb7 6. a3 Bxc3+ 7. Nxc3 d5 8.
cxd5 exd5 9. Bd3 O-O 10. Qc2 c5 11. O-O Nbd7 12. f3 a6 13. Qf2 Re8 14. Bd2 b5
15. Rad1 Qb6 16. Rfe1 Re7 17. Ne2 Rae8 18. Bb1 cxd4 19. Nxd4 Ne5 20. Nf5 Re6
21. Bc3 g6 22. Nd4 R6e7 23. Kh1 Nc4 24. Nc2 Nd7 25. Bd4 Qc7 26. Nb4 Nc5 27. Bc2
f5 28. Nd3 Ne6 29. Bb3 Nxd4 30. exd4 Qb6 31. Rxe7 Rxe7 32. Re1 Rxe1+ 33. Nxe1
Qe6 34. Nd3 Qe3 35. Bxc4 Qxf2 36. Bxd5+ Bxd5 37. Nxf2 Bc4 38. Nd1 Kf7 39. Nc3
g5 40. Kg1 h5 41. g3 Ke6 42. Kf2 1/2-1/2

[Event "4NCL Division 2b"]
[Site "De Vere, Staverton Park ENG"]
[Date "2013.01.13"]
[Round "4.74"]
[White "Ball, Laurence"]
[Black "Coleman, David J"]
[Result "0-1"]
[WhiteElo "2081"]
[BlackElo "2269"]
[PlyCount "42"]
[EventDate "2013.01.13"]
[WhiteTeam "KJCA Kings"]
[BlackTeam "Barbican Youth"]

1. d4 Nf6 2. Nc3 d5 3. Bg5 Nbd7 4. Nf3 h6 5. Bf4 c6 6. Qd2 e6 7. e3 Bb4 8. Bd3
c5 9. dxc5 Nxc5 10. Bb5+ Bd7 11. Bxd7+ Ncxd7 12. Qd4 Qa5 13. O-O Rc8 14. Nd1
Rxc2 15. a3 Rc4 16. Qd3 O-O 17. Ne5 Rcc8 18. Qe2 Be7 19. Nd3 Qa6 20. Nc3 Ne4
21. Nxe4 dxe4 0-1

[Event "4NCL Division 2b"]
[Site "De Vere, Staverton Park ENG"]
[Date "2013.01.13"]
[Round "4.75"]
[White "Stewart, Ashley"]
[Black "Ganesan, Arasu"]
[Result "1/2-1/2"]
[WhiteElo "2040"]
[BlackElo "2088"]
[PlyCount "143"]
[EventDate "2013.01.13"]
[WhiteTeam "Barbican Youth"]
[BlackTeam "KJCA Kings"]

1. c4 c6 2. Nf3 d5 3. d4 Nf6 4. e3 a6 5. c5 Bg4 6. Nc3 Nbd7 7. Be2 g6 8. h3
Bxf3 9. Bxf3 e5 10. O-O Bg7 11. Qb3 Qc7 12. Bd2 O-O 13. Rfd1 h6 14. Qc2 Nh7 15.
Be1 Ng5 16. Bg4 f5 17. Be2 exd4 18. exd4 Ne6 19. Qa4 b5 20. Qb3 Kh7 21. Nxd5
cxd5 22. Qxd5 Nf4 23. Qf3 Nxe2+ 24. Qxe2 Qc6 25. Qf3 Rac8 26. Qxc6 Rxc6 27.
Rac1 Rcc8 28. b4 Rfd8 29. d5 Kg8 30. Bc3 Bxc3 31. Rxc3 Kf7 32. Re3 Nf6 33. d6
Rd7 34. a3 a5 35. f3 axb4 36. axb4 Re8 37. Rc3 Rc8 38. c6 Rdd8 39. Rc5 Ke6 40.
d7 Rc7 41. g3 Ng8 42. Re1+ Kf7 43. Kf2 Ne7 44. Rec1 Ke6 45. f4 Kd6 46. Rd1+ Ke6
47. Re5+ Kf7 48. Rd6 Nxc6 49. Rc5 Rdxd7 50. Rcxc6 Rxc6 51. Rxd7+ Kf6 52. Rd5
Rc2+ 53. Ke3 Rc3+ 54. Kf2 g5 55. fxg5+ Kxg5 56. Rxb5 Rc2+ 57. Kf3 Rc3+ 58. Kf2
h5 59. Rc5 Rb3 60. b5 Rb2+ 61. Kf1 Rb3 62. Kf2 h4 63. gxh4+ Kf4 64. Rc4+ Ke5
65. h5 Rxb5 66. h6 Rb7 67. Rc6 Kf4 68. Rc4+ Kg5 69. Rc6 Rb2+ 70. Kf3 Rb3+ 71.
Kg2 Rb7 72. Kf3 1/2-1/2

[Event "4NCL Division 2b"]
[Site "De Vere, Staverton Park ENG"]
[Date "2013.01.13"]
[Round "4.76"]
[White "Maguire, Robert"]
[Black "Moss, Guy"]
[Result "0-1"]
[WhiteElo "1956"]
[BlackElo "1963"]
[PlyCount "88"]
[EventDate "2013.01.13"]
[WhiteTeam "KJCA Kings"]
[BlackTeam "Barbican Youth"]

1. e4 c5 2. Nf3 d6 3. d4 cxd4 4. Nxd4 Nf6 5. Nc3 Nc6 6. f4 e6 7. Be3 Be7 8. Qf3
Bd7 9. Rg1 Nxd4 10. Bxd4 O-O 11. g4 e5 12. fxe5 dxe5 13. Be3 Qc8 14. g5 Ng4 15.
Bd2 Bc5 16. Rg2 f5 17. Qg3 f4 18. Qf3 Ne3 19. Bxe3 fxe3 20. Qh5 Rxf1+ 21. Kxf1
Bh3 22. Qf3 Qf8 23. Ke2 Qxf3+ 24. Kxf3 Rf8+ 25. Kg3 Bxg2 26. Kxg2 Rf2+ 27. Kg3
Rxc2 28. Re1 Bd4 29. Re2 Rxe2 30. Nxe2 Bxb2 31. Kf3 Bd4 32. Ng3 g6 33. Ke2 Kf7
34. Kd3 Ke6 35. Ne2 Kd6 36. h4 b5 37. Ng3 Ke6 38. Ne2 a5 39. Nc1 Kd6 40. Ne2
Kc5 41. Ng3 b4 42. h5 a4 43. hxg6 hxg6 44. Ke2 Kc4 0-1

[Event "4NCL Division 2b"]
[Site "De Vere, Staverton Park ENG"]
[Date "2013.01.13"]
[Round "4.77"]
[White "Ayvazyan, Nikita"]
[Black "Jones, Laurence AG"]
[Result "1-0"]
[WhiteElo "1940"]
[BlackElo "1749"]
[PlyCount "67"]
[EventDate "2013.01.13"]
[WhiteTeam "Barbican Youth"]
[BlackTeam "KJCA Kings"]

1. e4 c5 2. Nc3 e6 3. Nf3 Nc6 4. Bb5 a6 5. Bxc6 dxc6 6. d3 Qc7 7. O-O e5 8. Ne2
Be7 9. Ng3 Nf6 10. b3 Bd7 11. Bb2 Bd6 12. Nh4 g6 13. f4 Bg4 14. Qd2 Rg8 15.
fxe5 Bxe5 16. Bxe5 Qxe5 17. Qf2 g5 18. Nhf5 Rg6 19. h3 Bh5 20. Nd6+ Qxd6 21. e5
Qd4 22. Qxd4 cxd4 23. exf6 Rh6 24. Nf5 Rg6 25. g4 Kd7 26. gxh5 Rxf6 27. Nxd4
Rxf1+ 28. Rxf1 Ke7 29. Re1+ Kf6 30. Kf2 c5 31. Nf3 Rg8 32. Kg3 h6 33. Ne5 Kf5
34. Ng4 1-0

[Event "4NCL Division 2b"]
[Site "De Vere, Staverton Park ENG"]
[Date "2013.01.13"]
[Round "4.78"]
[White "Rao, Raunak"]
[Black "Farrand, Julian T"]
[Result "0-1"]
[WhiteElo "1745"]
[BlackElo "2081"]
[PlyCount "92"]
[EventDate "2013.01.13"]
[WhiteTeam "KJCA Kings"]
[BlackTeam "Barbican Youth"]

1. e4 d6 2. d4 Nf6 3. Nc3 c6 4. f4 Qa5 5. Bd3 e5 6. Nf3 Nbd7 7. O-O Be7 8. Ne2
exd4 9. Nexd4 Nc5 10. Re1 Nxd3 11. Qxd3 O-O 12. c3 Re8 13. e5 dxe5 14. fxe5 Nd5
15. e6 Bxe6 16. Nxe6 fxe6 17. b4 Qb6+ 18. Be3 Nxe3 19. Qxe3 Bf6 20. Qxb6 axb6
21. Nd4 c5 22. bxc5 bxc5 23. Nb5 Ra5 24. Nd6 Re7 25. Nc4 Ra4 26. Ne5 Ra3 27.
Rac1 Rxa2 28. Rcd1 Rc7 29. Rd6 Ra6 30. Nc4 Bxc3 31. Rexe6 Bd4+ 32. Kf1 Rf7+ 33.
Ke2 Ra2+ 34. Kd3 Rxg2 35. Rd8+ Rf8 36. Rxf8+ Kxf8 37. Nd6 g6 38. Re8+ Kg7 39.
Re7+ Kh6 40. Nf7+ Kh5 41. Nd6 h6 42. Nxb7 Rxh2 43. Nd6 Rh3+ 44. Ke2 g5 45. Kf1
Rh2 46. Ne4 Kg4 0-1

[Event "4NCL Division 2b"]
[Site "De Vere, Staverton Park ENG"]
[Date "2013.01.13"]
[Round "4.81"]
[White "Dargan, Paul AG"]
[Black "Milliet, Sophie"]
[Result "1/2-1/2"]
[WhiteElo "2150"]
[BlackElo "2403"]
[PlyCount "41"]
[EventDate "2013.01.13"]
[WhiteTeam "North East England"]
[BlackTeam "3Cs 1"]

1. e4 d6 2. d4 Nf6 3. Nc3 Nbd7 4. Nf3 e5 5. g4 Nxg4 6. Rg1 Ngf6 7. Bc4 h6 8.
dxe5 dxe5 9. Be3 c6 10. Qd3 b5 11. Bb3 Qa5 12. O-O-O Ba6 13. Nd2 c5 14. Nd5
O-O-O 15. c4 b4 16. f4 Nh5 17. fxe5 Nxe5 18. Qf1 g6 19. Nf3 Nc6 20. Qf2 Re8 21.
e5 1/2-1/2

[Event "4NCL Division 2b"]
[Site "De Vere, Staverton Park ENG"]
[Date "2013.01.13"]
[Round "4.82"]
[White "Ashton, Adam G"]
[Black "Coathup, Roger H"]
[Result "1/2-1/2"]
[WhiteElo "2366"]
[BlackElo "2123"]
[PlyCount "42"]
[EventDate "2013.01.13"]
[WhiteTeam "3Cs 1"]
[BlackTeam "North East England"]

1. e4 c5 2. Nf3 e6 3. d4 cxd4 4. Nxd4 a6 5. Nc3 Qc7 6. Be2 Nf6 7. a3 b5 8. O-O
Bb7 9. Bf3 d6 10. g3 Be7 11. Bg2 Nc6 12. Be3 Ne5 13. h3 Nc4 14. Bc1 O-O 15.
Nde2 Rfd8 16. b3 Nb6 17. Bf4 Rac8 18. Qd2 Nbd7 19. Rfd1 Nc5 20. Qe3 Nh5 21. Bg5
Bxg5 1/2-1/2

[Event "4NCL Division 2b"]
[Site "De Vere, Staverton Park ENG"]
[Date "2013.01.13"]
[Round "4.83"]
[White "Sayers, Ray"]
[Black "Longson, Alexander"]
[Result "1/2-1/2"]
[WhiteElo "2126"]
[BlackElo "2270"]
[PlyCount "39"]
[EventDate "2013.01.13"]
[WhiteTeam "North East England"]
[BlackTeam "3Cs 1"]

1. e4 e5 2. Nf3 Nc6 3. Bb5 a6 4. Bxc6 dxc6 5. d4 exd4 6. Qxd4 Qxd4 7. Nxd4 Bd7
8. Be3 O-O-O 9. Nc3 Bb4 10. Nde2 Ne7 11. a3 Bd6 12. Nf4 f5 13. O-O-O Be5 14.
Nfe2 Ng6 15. exf5 Bxf5 16. Bd4 b6 17. Bxe5 Nxe5 18. Rxd8+ Rxd8 19. b3 a5 20.
Re1 1/2-1/2

[Event "4NCL Division 2b"]
[Site "De Vere, Staverton Park ENG"]
[Date "2013.01.13"]
[Round "4.84"]
[White "Clarke, Stuart W"]
[Black "Maroroa, Sue Y"]
[Result "0-1"]
[WhiteElo "2295"]
[BlackElo "2037"]
[PlyCount "132"]
[EventDate "2013.01.13"]
[WhiteTeam "3Cs 1"]
[BlackTeam "North East England"]

1. e4 c5 2. c3 d5 3. exd5 Qxd5 4. d4 Nc6 5. Nf3 Bf5 6. Be3 cxd4 7. cxd4 Bxb1 8.
Rxb1 e6 9. a3 Nf6 10. Qc2 Be7 11. Bc4 Qd6 12. O-O O-O 13. Rbd1 Rac8 14. Qe2
Rfd8 15. Rfe1 Qc7 16. Ba2 Nd5 17. Bc1 Bf6 18. Qe4 g6 19. h4 Bg7 20. g3 Rd7 21.
Ne5 Nxe5 22. dxe5 Ne7 23. Bg5 Rxd1 24. Rxd1 Nc6 25. Be3 Qxe5 26. Qxe5 Bxe5 27.
b4 a6 28. Bb1 Rd8 29. Rxd8+ Nxd8 30. a4 Nc6 31. b5 axb5 32. axb5 Ne7 33. Be4
Nd5 34. Bc5 f5 35. Bg2 Kf7 36. f4 Bc7 37. Kf2 Ke8 38. Ke2 Kd7 39. Kd3 Ba5 40.
Bf2 Kd6 41. Bf3 Bd8 42. Kc4 Bb6 43. Be1 Bc5 44. h5 gxh5 45. Bxh5 Ne3+ 46. Kd3
Ng4 47. Ke2 Kd5 48. Bf7 Nf6 49. Kf3 Kd6 50. Bc3 Ne4 51. Be5+ Ke7 52. Bh5 Bb4
53. Kg2 Bc3 54. Bb8 Nf6 55. Bf3 Nd5 56. g4 fxg4 57. Bxg4 Ne3+ 58. Kg3 Nxg4 59.
Kxg4 Kf6 60. Ba7 Kg6 61. Be3 h5+ 62. Kf3 Kf5 63. Bf2 Bd2 64. Bg3 Bc1 65. Bh2 h4
66. b6 Bd2 0-1

[Event "4NCL Division 2b"]
[Site "De Vere, Staverton Park ENG"]
[Date "2013.01.13"]
[Round "4.85"]
[White "Davey, Mark"]
[Black "Bentley, John L"]
[Result "0-1"]
[WhiteElo "1990"]
[BlackElo "2212"]
[PlyCount "76"]
[EventDate "2013.01.13"]
[WhiteTeam "North East England"]
[BlackTeam "3Cs 1"]

1. e4 c5 2. Nf3 Nc6 3. d4 cxd4 4. Nxd4 g6 5. Nxc6 bxc6 6. Qd4 Nf6 7. e5 Nd5 8.
c4 Nc7 9. e6 f6 10. exd7+ Bxd7 11. h4 e5 12. Qc3 Ne6 13. Be3 Nd4 14. Bxd4 exd4
15. Qxd4 Bb4+ 16. Nc3 Qe7+ 17. Qe3 Qxe3+ 18. fxe3 O-O-O 19. O-O-O Rhe8 20. Bd3
Bxc3 21. bxc3 Bg4 22. Rd2 Rxe3 23. Kc2 Rexd3 24. Rxd3 Bf5 25. Rhh3 c5 26. Rhe3
Rxd3 27. Rxd3 Bxd3+ 28. Kxd3 Kd7 29. Ke4 Ke6 30. Kf4 h6 31. g3 f5 32. a4 Kf6
33. a5 g5+ 34. hxg5+ hxg5+ 35. Ke3 Ke6 36. Ke2 Kd6 37. Kf2 Kc6 38. Kf3 Kb7 0-1